| 000 | 00518nam a2200205Ia 4500 | ||
|---|---|---|---|
| 003 | OSt | ||
| 005 | 20140405104050.0 | ||
| 008 | 140130s9999 xx 000 0 und d | ||
| 020 | _a043979188x | ||
| 050 |
_aQL 45.2 _b.G845 2005 |
||
| 100 | _aHerndon, Ryan | ||
| 245 |
_cRyan Herndon. _aGuinness world records : _bamazing pet records / |
||
| 260 |
_bScholastic, _c2005. _aUSA : |
||
| 300 |
_a29 p. : _bcol. ill. ; _c21 cm. |
||
| 440 | _v1 | ||
| 521 | _aG6 | ||
| 526 | _c800 | ||
| 942 |
_cBK _2lcc |
||
| 999 |
_c41153 _d41153 |
||